Hit songs of 2000 - Statistics

General Stats
  • This quiz has been taken 143 times
  • The average score is 14 of 30
Answer Stats
2000 Ttile / Let me know what you think about this quiz in comment For each title song answer with the artist(s) or band % Correct
1 Oops!...I Did It Again Britney Spears
97%
22 Lucky Britney Spears
97%
3 The Real Slim Shady Eminem
92%
2 Californication Red Hot Chili Peppers
75%
12 Bye Bye Bye *NSYNC
69%
28 Say My Name Destiny's Child
68%
4 It's My Life Bon Jovi
65%
15 Ms. Jackson OutKast
64%
16 It Wasn't Me Shaggy ft. RikRok
60%
27 Yellow Coldplay
59%
19 All The Small Things blink-182
53%
23 American Pie Madonna
48%
25 Music Madonna
48%
29 Beautiful Day U2
44%
6 Let's Get Loud Jennifer Lopez
42%
9 Maria Maria Santana ft. The Product G&B
42%
17 One More Time Daft Punk
40%
26 Who Let the Dogs Out? Baha Men
39%
18 Kryptonite 3 Doors Down
32%
8 Teenage Dirtbag Wheatus
29%
10 Rollin' Limp Bizkit
28%
7 Freestyler Bomfunk MC's
27%
13 Cant Fight The Moonlight LeAnn Rimes
27%
11 Butterfly Crazy Town
23%
5 Breathless The Corrs
23%
14 I'm Outta Love Anastacia
20%
24 Moi... Lolita Alizée
17%
21 All Around The World (la la la la la la la la) ATC
16%
30 Lady (Hear Me Tonight) Modjo
15%
20 L'Amour Toujours Gigi D'Agostino
14%
No matching quizzes found
Score Distribution
Percent of People with Each Score
Percentile by Number Answered
Your Score History
You have not taken this quiz